Most Populous First-Level Subdivisions of Europe - Statistics

General Stats
  • This quiz has been taken 1,778 times
    1,663 since last reset
  • The average score is 83 of 175
Answers on the Map
Answers color-coded by a green-red scale on the quiz's map according to % correct below.
 
Answer Stats
Country Type Subdivision % Correct
United Kingdom Country England
97%
United Kingdom Province Northern Ireland
96%
United Kingdom Country Scotland
96%
United Kingdom Country Wales
96%
Italy Region Sicily
91%
Germany State Bavaria
89%
Germany State Berlin
88%
Spain Community Catalonia
88%
Italy Region Sardinia
87%
Portugal District Lisbon
85%
Russia City | Region Moscow
85%
Netherlands Country Netherlands
85%
Spain Community Madrid
84%
France Region Brittany
83%
Ukraine City | Region Kiev
83%
Czech Republic Region Prague
82%
Russia City Saint Petersburg
82%
Sweden County Stockholm
82%
Austria State Vienna
82%
Portugal District Porto
81%
Belarus City | Region Minsk
80%
Greece Administration Attica
79%
France Region Normandy
79%
Hungary County Budapest
78%
Russia Autonomous Republic Crimea
78%
Belgium Region Flanders
78%
Bulgaria Province Sofia City
78%
Serbia City Belgrade
77%
Germany State Hamburg
77%
Italy Region Tuscany
77%
Switzerland Canton Zürich
74%
Spain Community Andalusia
73%
Denmark Region Capital Region
73%
Spain Community Basque
72%
Germany State Saxony
72%
Spain Community Galicia
71%
Spain Community Valencia
71%
Belgium Region Wallonia
71%
Switzerland Canton Bern
70%
Ukraine Region Odessa
69%
Ukraine Region Donetsk
68%
France Region Île-de-France
68%
Spain Community Balearic Islands
67%
Bosnia and Herzegovina Division Federation of Bosnia and Herzegovina
67%
Italy Region Lombardy
66%
Bosnia and Herzegovina Division Republika Srpska
65%
Belgium Region Brussels-Capital Region
64%
Ukraine Region Lviv
64%
Germany State Baden-Württemberg
63%
Germany State Brandenburg
63%
Denmark Region Southern Denmark
63%
Spain Community Castile and León
62%
Ukraine Region Kharkiv
62%
Spain Community Aragon
61%
Germany State North Rhine-Westphalia
61%
Italy Region Friuli-Venezia Giulia
60%
Italy Region Lazio
60%
Greece Administration Peloponnese, Western Greece and the Ionian
60%
France Region Provence-Alpes-Côte d'Azur
60%
Denmark Region Central Denmark
59%
Germany State Lower Saxony
59%
Germany State Schleswig-Holstein
59%
Germany State Mecklenburg-Vorpommern
58%
Germany State Hesse
56%
Ukraine Region Luhansk
56%
Italy Region Piedmont
56%
Germany State Rhineland-Palatinate
56%
Greece Administration Thessaly and Central Greece
55%
Italy Region Emilia-Romagna
53%
Spain Community Extremadura
52%
Spain Community Murcia
52%
Italy Region Veneto
52%
Italy Region Liguria
51%
Germany State Thuringia
51%
Russia Region Rostov
50%
Germany State Saxony-Anhalt
50%
Romania Municipality Bucharest
49%
Italy Region Calabria
48%
Italy Region Trentino-South Tyrol
48%
Russia Region Volgograd
48%
Spain Community Asturias
46%
France Region Bourgogne-Franche-Comté
46%
Spain Community Castilla-La Mancha
46%
Russia Region Nizhny Novgorod
46%
France Region Occitanie
46%
France Region Grand Est
45%
France Region Nouvelle-Aquitaine
45%
France Region Pays de la Loire
45%
Italy Region Apulia
44%
Ukraine Region Dnipropetrovsk
44%
Poland Province Silesia
44%
Russia Republic Chechnya
43%
France Region Auvergne-Rhône-Alpes
42%
Austria State Lower Austria
42%
Czech Republic Region Moravia-Silesia
42%
Austria State Upper Austria
41%
Italy Region Campania
40%
Poland Province Łódź
40%
Russia Territory Perm
40%
France Region Centre-Val de Loire
39%
Belarus Region Brest
38%
Ukraine Region Kherson
38%
Poland Province Kuyavia-Pomerania
38%
Poland Province Pomerania
38%
Russia Territory Krasnodar
37%
Russia Region Samara
37%
Russia Republic Dagestan
36%
Russia Region Leningrad
36%
Italy Region Abruzzo
35%
France Region Hauts-de-France
35%
Italy Region Marche
33%
Austria State Styria
33%
Ukraine Region Zaporizhia
33%
Belarus Region Gomel
32%
Russia Region Astrakhan
29%
Russia Region Voronezh
29%
Poland Province Lublin
27%
Russia Region Saratov
27%
Russia Region Belgorod
26%
Russia Region Kursk
26%
Sweden County Skåne
26%
Russia Republic Tatarstan
26%
Russia Region Vladimir
26%
Poland Province Greater Poland
24%
Ukraine Region Ivano-Frankivsk
24%
Ukraine Region Mykolaiv
24%
Russia Region Bryansk
22%
Poland Province Lesser Poland
22%
Poland Province Masovia
22%
Russia Region Orenburg
22%
Russia Region Yaroslavl
22%
Belarus Region Grodno
21%
Poland Province Lower Silesia
21%
Russia Region Ryazan
21%
Ukraine Region Sumy
21%
Russia Region Tula
21%
Russia Region Tver
21%
Belarus Region Vitebsk
21%
Hungary County Pest
19%
Poland Province West Pomerania
19%
Russia Republic Bashkortostan
18%
Czech Republic Region Central Bohemia
18%
Russia Territory Stavropol
18%
Russia Region Kirov
17%
Belarus Region Mogilev
17%
Ukraine Region Poltava
17%
Poland Province Warmia-Masuria
17%
Ukraine Region Zakarpattia
17%
Poland Province Holy Cross
16%
Russia Region Ivanovo
16%
Russia Republic Udmurtia
16%
Russia Region Vologda
16%
Russia Region Kaluga
15%
Russia Region Lipetsk
15%
Poland Province Subcarpathia
15%
Russia Republic Chuvashia
14%
Russia Region Penza
14%
Ukraine Region Rivne
14%
Czech Republic Region South Moravia
14%
Ukraine Region Ternopil
14%
Russia Region Ulyanovsk
14%
Finland Region Uusimaa
14%
Ukraine Region Vinnytsia
14%
Ukraine Region Zhytomyr
14%
Poland Province Lubusz
13%
Poland Province Podlaskie
13%
Russia Region Tambov
13%
Ukraine Region Cherkasy
12%
Ukraine Region Volyn
12%
Sweden County Västra Götaland
11%
Norway Region Viken
11%
Ukraine Region Khmelnytskyi
9%
No matching quizzes found
Score Distribution
Percent of People with Each Score
Percentile by Number Answered
Your Score History
You have not taken this quiz since the last reset